00310nam a22001097a 4500082001200000100002100012245006200033260003500095300000900130650005200139650000900191 a543 GUN aGunawardhana,H.D aAnalytical Chemistry : Principles of Classical Titrimetry aColombobOpen Universityc1997 a180p a chemistryaanalytical chemistry,titrimetrya  aOUSL